Cut-heads - Statistics

General Stats
  • This quiz has been taken 39 times
  • The average score is 9 of 15
Answer Stats
Picture Answer % Correct
Barack Obama
100%
Donald Trump
97%
Joe Biden
97%
Boris Johnson
81%
John F. Kennedy
75%
Winston Churchill
69%
George Washington
67%
George W. Bush
64%
Bill Clinton
58%
Margaret Thatcher
50%
Richard Nixon
47%
Ronald Reagan
42%
David Cameron
28%
Theresa May
25%
Harry S. Truman
11%
No matching quizzes found
Score Distribution
Percent of People with Each Score
Percentile by Number Answered
Your Score History
You have not taken this quiz